00630nam a2200193Ia 4500008004100000020001500041082001700056100001700073245005400090250000700144260003800151300002700189500001900216600002100235650005000256942000700306952010800313999001500421240925s9999 xx 000 0 und d a1562059440 a005.4469 HAR aHarwood, Ted 0aWindows NT Terminal Server: and citrix meta frame aNA aIndianapolis:bNew Ridersc,1999. axv,483p.bNAfOriginal aIncludes Index aComputer Science aComputer science, information & general works cBK 001040708CSaUITUbUITUd2001-04-21eNAl0o005.4469 HARpQ3586r2024-09-25 07:13:12w2024-09-25yBK c6085d6085